| 000 | 00447nam a22001697a 4500 | ||
|---|---|---|---|
| 003 | NUST - PNEC | ||
| 005 | 20170116180852.0 | ||
| 008 | 150826b xxu||||| |||| 00| 0 eng d | ||
| 020 | _a8174733280 | ||
| 040 | _cLIBRARY | ||
| 082 | _a540 GOE | ||
| 100 |
_95749 _aGoel Neetu |
||
| 245 |
_aFundamentals of engineering chemistry _cNeetu Goel; Sanjay Kumar |
||
| 260 | _cc.2006 | ||
| 650 |
_95750 _aEngineering Chemistry _xGeneral |
||
| 942 |
_2ddc _cBK |
||
| 999 |
_c64654 _d64654 |
||